Clearblue - Lorde (All Lyrics) - Statistics

General Stats
  • This quiz has been taken 42 times
  • The average score is 137 of 197
Answer Stats
Lyrics % Correct
I
97%
the
97%
for
93%
in
93%
pregnancy,
93%
After
90%
ecstasy,
90%
testing
90%
you
90%
I'm
86%
it
86%
me
86%
me,
86%
to
86%
be
83%
Be
83%
my
83%
Clearblue
79%
cried
79%
feel
79%
how
79%
I'd
79%
rode
79%
until
79%
wish
79%
feels
76%
is
76%
kept
76%
MP3
76%
Oh,
76%
praying
76%
Your
76%
your
76%
baby,
72%
free,
72%
free
72%
Free,
72%
through
72%
where
72%
alive?
69%
all
69%
go?
69%
remember
69%
see
69%
so
69%
this
69%
Yeah,
69%
you're
69%
did
66%
into
66%
right
66%
'Til
66%
being
62%
But
62%
daughter
62%
her
62%
let
62%
nobody's
62%
on
62%
deep
59%
down
59%
from,
59%
from
59%
helix
59%
How's
59%
metal
59%
mother
59%
scared
59%
treasure,
59%
clearness
55%
detector
55%
hits
55%
machine,
55%
of
55%
precious
55%
whole
55%
(Ah)
52%
(Ah
52%
ah)
52%
ah
52%
and
52%
answer
52%
answer,
52%
as
52%
blood
52%
came
52%
changing
52%
I'll
52%
matter,
52%
part
52%
then
52%
try
52%
broken
48%
halo,
48%
hips
48%
letting
48%
Lips
48%
passed
48%
patterns
48%
asked
45%
clean
45%
dance
45%
faster,
45%
field
45%
leave
45%
moving
45%
'round
45%
stumble
45%
them
45%
bust
41%
lied
41%
open
41%
There's
41%
wide
41%
Bars
38%
trip
38%
windows,
38%
bare
28%
throes
28%
teh
0%
No matching quizzes found
Score Distribution
Percent of People with Each Score
Percentile by Number Answered
Your Score History
You have not taken this quiz